Normal view
MARC view
- SMYTHE, W.R
Entry Personal Name
001 - CONTROL NUMBER
- control field: 77999
003 - CONTROL NUMBER IDENTIFIER
- control field: NUST
005 - DATE AND TIME OF LATEST TRANSACTION
- control field: 20210628210042.0
008 - FIXED-LENGTH DATA ELEMENTS
- fixed length control field: 210628|| aca||aabn | a|a d
040 ## - CATALOGING SOURCE
- Original cataloging agency: NUST
- Transcribing agency: NUST
100 ## - HEADING--PERSONAL NAME
- Personal name: SMYTHE, W.R
670 ## - SOURCE DATA FOUND
- Source citation: Work cat.: (NUST): SMYTHE, W.R, STATIC AND DYNAMIC ELECTRICITY, 1968
